| 000 | 00647nam a2200205 a 4500 | ||
|---|---|---|---|
| 001 | 8046 | ||
| 003 | CO-ViMGA | ||
| 008 | 141112s2004 ck r 000 u spa d | ||
| 020 | _a9588052661 | ||
| 040 |
_aCO-ViMGA _bspa _cCO-ViMGA |
||
| 082 | 0 | 4 | _a350 C656m |
| 110 | _aMinisterio de Cultura | ||
| 245 | 1 | 0 |
_aFuentes de financiación para el sector Cultural : _bManual de consulta |
| 260 |
_aBogotá, _cMinisterio de Cultura, _c2000 |
||
| 300 | _a125.p. | ||
| 590 | _aForma de adquisición : Donación - - Precio : 15.000 | ||
| 650 | 1 | 4 |
_aCULTURA - FINANCIACION _97677 |
| 650 | 1 | 4 |
_aPolítica CULTURAL - ASPECTOS ECONOMICOS _97678 |
| 942 |
_2ddc _cBK |
||
| 999 |
_c19868 _d19868 |
||